000 01028nam a2200277Ia 4500
003 OSt
005 20221007123347.0
006 a|||||r|||| 00| 0
007 ta
008 221006b |||||||| |||| 00| 0 eng d
020 _a0521589584 (pbk)
_cRs.1,450.00
024 _a10008
037 _bUnilib,
_cTextual
040 _aPAPL
_cPAPL
_beng
041 _2eng
_aeng
082 _aCN2, P2
100 _aTanaka Tomoyasu
_9713591
245 0 _aMethods of statistical physics by Tomoyasu Tanaka
260 _aCambridge
_bCambridge University Press
_c2002
300 _axv, 293p
_ccm.
500 _aAppendix 1-5, 261-284p; Bibliographical references 285-288p; Bibliography 289-290p; Index 291-293p ; ^n23/CSL/CARPA/2002-03/133^d2002-08-28^mPurchase; ; 2002-03/73^b2002-07-10^c135^d2002-07-04^eRs.7,051.00^fUnilib Book Distributors; ; 2003-01-24^bSB^c2003-04-25^dRPS
650 _a Statistical
650 _aPhysics
942 _hCN2, P2
_cTEXL
_2CC
999 _c1211750
_d1211750